| 000 | 00947pam a2200301 a 4500 | ||
|---|---|---|---|
| 001 | 456 | ||
| 005 | 20230425103218.0 | ||
| 008 | 941013r19951994nyua j 000 1 eng | ||
| 020 | _a9780590241779 | ||
| 040 |
_aDLC _cDLC _dDLC _beng |
||
| 050 | 0 | 0 |
_aPZ8.3.B64 _bGi 1994 |
| 082 | 0 | 0 |
_a813.6 _220 |
| 100 | 1 | _aBogart, Jo Ellen. | |
| 245 | 1 | 0 |
_aGifts / _cJo Ellen Bogart ; [illustrations by] Barbara Reid. |
| 260 |
_aToronto : _bScholastic _c1994. |
||
| 300 |
_a31 pages : _bcolor illustrations : _c26 cm. |
||
| 505 | _aH | ||
| 520 | _aA grandmother travels around the world and brings back gifts for her granddaughter. | ||
| 521 |
_a490
_bLexile |
||
| 521 |
_aH
_bRaz-Plus |
||
| 650 | 1 |
_aGrandmothers _xFiction. |
|
| 650 | 1 |
_aVoyages and travels _xFiction. |
|
| 650 | 1 |
_aGifts _xFiction. |
|
| 650 | 1 | _aStories in rhyme. | |
| 700 | 1 |
_aReid, Barbara, _d1957- _eill. |
|
| 906 |
_a7 _bcbc _corignew _d1 _eocip _f19 _gy-gencatlg |
||
| 942 |
_2ddc _cBK _n0 |
||
| 999 |
_c456 _d456 |
||